| 000 | 00898nam a22001937a 4500 | ||
|---|---|---|---|
| 999 |
_c28801 _d28801 |
||
| 003 | BDDh-ASL | ||
| 005 | 20231015030954.0 | ||
| 008 | 220531b19791978ii ||||| |||| 00| 0 eng d | ||
| 040 | _cBDDh-ASL | ||
| 082 |
_a954.9205 _bDAM |
||
| 100 | 1 |
_96270 _aDasgupta, Sukharanjan |
|
| 245 | 1 | _aMidnight Massacre in Dacca / | |
| 260 |
_aNew Delhi: _bVikas Publishing House Pvt. Ltd., _c1979. |
||
| 300 |
_a142 P.: _c19 cm. |
||
| 504 | _aInclude Index | ||
| 650 | 0 |
_aমুক্তিযুদ্ধের ইতিহাস (Liberation War of Bangladesh) Muktijuddher Itihash, Ekattor, একাত্তর, মুক্তিযুদ্ধ _x মুক্তিযুদ্ধ (Muktijuddha) _y1971 _zBangladesh (বাংলাদেশ) _zIndia (ভারত) _zPakistan (পাকিস্তান) _9936 |
|
| 650 | 0 |
_96126 _aHistory of Dhaka (ঢাকার ইতিহাস) |
|
| 942 |
_2ddc _cBK |
||